INDIAN SIGN L;ANGUAGE LINGUISTICS (Record no. 29845)

MARC details
000 -LEADER
fixed length control field 00318nam a22001337a 4500
003 - CONTROL NUMBER IDENTIFIER
control field SGT
020 ## - INTERNATIONAL STANDARD BOOK NUMBER
International Standard Book Number 9788197907418
082 ## - DEWEY DECIMAL CLASSIFICATION NUMBER
Classification number 370,SHA
100 ## - MAIN ENTRY--PERSONAL NAME
Personal name SHARMA SANDEEP
245 ## - TITLE STATEMENT
Title INDIAN SIGN L;ANGUAGE LINGUISTICS
260 ## - PUBLICATION, DISTRIBUTION, ETC. (IMPRINT)
Place of publication, distribution, etc NEW DELHI
Name of publisher, distributor, etc KANISHKA PUBLISHERS DISTRIBUTORS
Year of Publication 2025
300 ## - PAGE DESCRIPTION
No. of Pages 107
942 ## - ADDED ENTRY ELEMENTS (KOHA)
Source of classification or shelving scheme Dewey Decimal Classification
Koha item type Books
Holdings
Withdrawn status Lost status Source of classification or shelving scheme Damaged status Use restrictions Not for loan Collection code Home library Current library Shelving location Date acquired Cost, normal purchase price SGTU Total Checkouts Full call number Accession No. (Barcode) Date last seen Bill Date Koha item type
    Dewey Decimal Classification   Restricted Access Not For Loan ENGINEERING SGT Engineering Library SGT Engineering Library Reference Book 12/02/2025 400.00 SGTU   370,SHA ED5393 12/02/2025 12/02/2025 Books